[Event "Corona Amateur Tournament (C-HTO)"]
[Site "Biel/Bienne"]
[Date "2020.07.27"]
[Round "7.27"]
[White "Schimmer, Michael"]
[Black "Harringer, Manfred"]
[Result "1-0"]
[WhiteElo "1776"]
[BlackElo "2008"]
[PlyCount "121"]
[EventDate "2020.07.20"]

1. e4 e5 2. Nf3 Nc6 3. Bb5 a6 4. Ba4 Nf6 5. O-O Be7 6. Re1 b5 7. Bb3 O-O 8. a4
Bb7 9. d3 d6 10. Nbd2 Na5 11. Ba2 c5 12. Nf1 h6 13. Ne3 Re8 14. h3 Bf8 15. c3
d5 16. exd5 Nxd5 17. Ng4 f6 18. Nh4 c4 19. dxc4 bxc4 20. Nxh6+ gxh6 21. Qg4+
Kf7 22. Qg6+ Ke7 23. Bxh6 Kd7 24. Qg4+ Kc7 25. Bxf8 Rxf8 26. Ng6 Rg8 27. h4 Qc8
28. Qh5 Kb6 29. Qh6 Qc6 30. f3 Rae8 31. h5 Ka7 32. Rad1 Qb6+ 33. Kh1 Qxb2 34.
Rd2 Qxc3 35. Red1 Nb6 36. Rd6 Qc2 37. Bb1 Qc3 38. Rxf6 Nd5 39. Rd6 Ne3 40. Rg1
Ka8 41. Be4 Bxe4 42. fxe4 Qb4 43. Rxa6+ Kb7 44. Rf6 Ng4 45. Qh7+ Kb8 46. Ra6
Nb7 47. a5 Rxg6 48. Rxg6 Nf2+ 49. Kh2 Qe7 50. Qxe7 Rxe7 51. a6 Nc5 52. h6 Rh7
53. Rg8+ Ka7 54. Rg7+ Rxg7 55. hxg7 Ng4+ 56. Kg3 Nf6 57. Kf3 Ncxe4 58. g8=Q
Nxg8 59. Kxe4 Kxa6 60. Kxe5 Kb5 61. Kd4 1-0

[Event "Corona Amateur Tournament (C-HTO)"]
[Site "Biel/Bienne"]
[Date "2020.07.27"]
[Round "7.28"]
[White "Smeets, Kobe"]
[Black "Germann, Markus"]
[Result "1-0"]
[WhiteElo "1755"]
[BlackElo "1995"]
[PlyCount "59"]
[EventDate "2020.07.20"]

1. e4 c5 2. Nf3 d6 3. d4 cxd4 4. Nxd4 Nf6 5. Nc3 e6 6. Bg5 Be7 7. f4 O-O 8. Qf3
Nc6 9. Nb3 a6 10. O-O-O Qc7 11. Kb1 b5 12. g4 b4 13. Ne2 Bb7 14. Bxf6 Bxf6 15.
g5 Be7 16. h4 a5 17. h5 a4 18. Nbd4 Nxd4 19. Nxd4 d5 20. e5 Bc5 21. Bh3 Bxd4
22. Rxd4 Rfc8 23. Qd3 Ba6 24. Qd2 Rab8 25. b3 Qb6 26. f5 Rc3 27. g6 hxg6 28.
hxg6 Rbc8 29. Rh4 fxg6 30. fxg6 1-0

[Event "Corona Amateur Tournament (C-HTO)"]
[Site "Biel/Bienne"]
[Date "2020.07.27"]
[Round "7.29"]
[White "Stoecklin, Carlo"]
[Black "Stoffregen, Guenter"]
[Result "1-0"]
[WhiteElo "1857"]
[BlackElo "1691"]
[PlyCount "65"]
[EventDate "2020.07.20"]

1. e4 c5 2. Nf3 Nc6 3. c4 g6 4. d4 cxd4 5. Nxd4 Bg7 6. Be3 Nf6 7. Nc3 O-O 8.
Be2 e6 9. Ndb5 d5 10. cxd5 exd5 11. exd5 Ne7 12. Bf3 a6 13. Na3 b5 14. Nc2 Bb7
15. Nb4 Qd6 16. a3 Rfd8 17. Qb3 Nf5 18. O-O Re8 19. Rfe1 Rac8 20. Rad1 Rc4 21.
Nc2 Rh4 22. g3 Rc4 23. a4 Nxe3 24. fxe3 Qc5 25. axb5 axb5 26. Be2 Rxe3 27. Nxe3
Qxe3+ 28. Kf1 Ne4 29. Kg2 Rb4 30. Qxb4 Qf2+ 31. Kh1 Qe3 32. Qxe4 Bxd5 33. Qxd5
1-0

[Event "Corona Amateur Tournament (C-HTO)"]
[Site "Biel/Bienne"]
[Date "2020.07.27"]
[Round "7.30"]
[White "Courjal, Pauline"]
[Black "Paholok, Igor"]
[Result "1-0"]
[WhiteElo "1848"]
[BlackElo "1676"]
[Annotator "olive"]
[PlyCount "80"]
[EventDate "2020.07.20"]

1. e4 e6 2. d4 d5 3. Nd2 Nf6 4. e5 Nfd7 5. Bd3 c5 6. c3 Nc6 7. Ne2 cxd4 8. cxd4
f6 9. exf6 Qxf6 10. Nf3 Bb4+ 11. Bd2 O-O 12. O-O Bxd2 13. Qxd2 e5 14. dxe5
Ncxe5 15. Nxe5 Nxe5 16. Bc2 Be6 17. Nd4 Bf7 18. Rad1 Nc4 19. Qc1 Rae8 20. Qb1
Kh8 21. Qc1 Bh5 22. Rd3 Nxb2 23. Rh3 Qxd4 24. Rxh5 Nd3 25. Qd2 Rxf2 26. Rxf2
Re1+ 27. Qxe1 Nxe1 28. Kf1 g6 {(=)} 29. Bxg6 Kg7 30. Be8 Qc4+ 31. Kxe1 Qc1+ 32.
Ke2 Qc2+ 33. Ke3 Qe4+ 34. Kd2 Qxe8 35. Rxd5 Qa4 36. Rg5+ Kh6 37. Rff5 Qd4+ 38.
Ke2 Qe4+ 39. Kf2 Qd4+ 40. Kg3 Qh4+ 1-0